[Event "Meyreuil Promotion 0405"]
[Site "Meyreuil"]
[Date "2005.03.05"]
[Round "7"]
[White "Nakache, Jonathan"]
[Black "Alpe, Jean Charles"]
[Result "1/2-1/2"]
[WhiteElo "1610"]
[BlackElo "1490"]
[PlyCount "56"]
[EventDate "2004.10.16"]
[EventType "tourn"]
[EventRounds "9"]
[EventCountry "FRA"]
[SourceTitle "EXT 2008"]
[Source "ChessBase"]
[SourceDate "2007.11.25"]
[SourceVersion "1"]
[SourceVersionDate "2007.11.25"]
[SourceQuality "1"]

1. e4 e5 2. Nf3 Nf6 3. Nxe5 d6 4. Nf3 Nxe4 5. Nc3 Nxc3 6. dxc3 Be7 7. Be3 Bg4 8. Be2 Nd7 9. Qd2 Nf6 10. h3 Bh5 11. 0-0-0 0-0 12. g4 Bg6 13. Nd4 Ne4 14. Qe1 Bg5 15. Bxg5 Qxg5+ 16. Kb1 Qf4 17. f3 Ng3 18. Rg1 Nxe2 19. Qxe2 Rfe8 20. Qf2 Re3 21. Rge1 Rae8 22. Rxe3 Qxe3 23. Qf1 a6 24. f4 f6 25. Qc4+ Bf7 26. Qxc7 Qe1 27. Kc1 Qe3+ 28. Kb1 Qe1 1/2-1/2

[Event "Meyreuil Promotion 0405"]
[Site "Meyreuil"]
[Date "2005.01.15"]
[Round "5"]
[White "Mallet, Bruno"]
[Black "Alpe, Jean Charles"]
[Result "1/2-1/2"]
[WhiteElo "1520"]
[BlackElo "1490"]
[PlyCount "82"]
[EventDate "2004.10.16"]
[EventType "tourn"]
[EventRounds "9"]
[EventCountry "FRA"]
[SourceTitle "EXT 2008"]
[Source "ChessBase"]
[SourceDate "2007.11.25"]
[SourceVersion "1"]
[SourceVersionDate "2007.11.25"]
[SourceQuality "1"]

1. e4 e5 2. Nf3 Nf6 3. Nc3 Bb4 4. d3 d6 5. Be2 0-0 6. 0-0 Bxc3 7. bxc3 Nc6 8. Bg5 h6 9. Be3 Ng4 10. Bd2 Nf6 11. Rb1 b6 12. Be3 Ng4 13. Bc1 Nf6 14. Nd2 Be6 15. Nb3 d5 16. f3 d4 17. Ba3 Re8 18. c4 Rb8 19. f4 exf4 20. Rxf4 Ne5 21. h3 c5 22. Bc1 Qd7 23. Qf1 Qe7 24. Rf2 Bd7 25. Bxh6 gxh6 26. Rxf6 Kg7 27. Rf2 Rg8 28. Qc1 Kh7 29. Kh1 Rg7 30. Qf4 Rf8 31. Qf6 Qe6 32. Qxe6 Bxe6 33. Rbf1 Rg6 34. Rf6 Rxf6 35. Rxf6 Kg7 36. Rf2 f5 37. exf5 Rxf5 38. Rxf5 Bxf5 39. Nd2 Bd7 40. Nf3 Ng6 41. Kh2 Kf6 1/2-1/2

[Event "Meyreuil Promotion 0405"]
[Site "Meyreuil"]
[Date "2004.10.16"]
[Round "1"]
[White "Alpe, Jean Charles"]
[Black "Kolb, Sebastien"]
[Result "0-1"]
[WhiteElo "1490"]
[BlackElo "2040"]
[PlyCount "80"]
[EventDate "2004.10.16"]
[EventType "tourn"]
[EventRounds "9"]
[EventCountry "FRA"]
[SourceTitle "EXT 2008"]
[Source "ChessBase"]
[SourceDate "2007.11.25"]
[SourceVersion "1"]
[SourceVersionDate "2007.11.25"]
[SourceQuality "1"]

1. c4 Nf6 2. g3 g6 3. Bg2 Bg7 4. Nc3 0-0 5. e4 d6 6. d3 c6 7. Nge2 e5 8. 0-0 Nh5 9. Rb1 a5 10. Be3 f5 11. Qd2 Nd7 12. a3 Ndf6 13. h3 Rf7 14. b4 axb4 15. axb4 Qf8 16. b5 f4 17. gxf4 exf4 18. Nxf4 Nxf4 19. Bxf4 Nh5 20. Be3 Nf4 21. Bxf4 Rxf4 22. Ne2 Rh4 23. Kh2 Bxh3 24. Bxh3 Qf3 25. Ng3 Qg4 26. Kg2 Qxh3+ 27. Kf3 Qg4+ 28. Kg2 Qh3+ 29. Kf3 cxb5 30. cxb5 Rf8+ 31. Ke2 Qxg3 32. fxg3 Rh2+ 33. Ke1 Rxf1+ 34. Kxf1 Rxd2 35. Rb3 Rb2 36. Rxb2 Bxb2 37. Ke2 Bd4 38. Kd2 Kf7 39. Kc2 Ke6 40. Kb3 Ke5 0-1